| 000 | 00725nam a2200217 a 4500 | ||
|---|---|---|---|
| 001 | 3032 | ||
| 003 | CDMR | ||
| 005 | 20131128112120.0 | ||
| 008 | 130130s1994||||sp |||||||||||||||||cat|d | ||
| 020 | _a8439328176 | ||
| 024 | _28439328176 | ||
| 040 |
_aCDMR _bcat _cCPC GIRONA |
||
| 100 | 1 |
_aLledó, Emilio _92218 |
|
| 245 | 1 | 0 |
_aParaules i imatges _cEmilio Lledó |
| 260 |
_aBarcelona _bGeneralitat de Catalunya. Centre d'Investigació de la Comunicació _c1994 |
||
| 300 | _a39 p. | ||
| 586 | _aV premis a la investigació sobre comunicació de masses | ||
| 710 | 1 |
_9304 _aCentre d'Investigació de la Comunicació |
|
| 711 | 2 |
_93791 _aPremis a la Investigació sobre Comunicació de Masses _d1994 _n5ès |
|
| 942 |
_cFULLET _2udc |
||
| 999 |
_c3032 _d3032 |
||